000 00219 a2200097 4500
001 30970
100 _aKaplan Wilfred
245 _aAdvanced Calculus
260 _aLondon
_bAddison Wesley
_c1973
090 _c20995
_d20995
942 _aNUST-CAE
_cM
_c12219
999 _c266043
_d266043